| 000 | 02128cam a22003495a 4500 | ||
|---|---|---|---|
| 001 | 16352204 | ||
| 005 | 20110518134106.0 | ||
| 008 | 100728s2010 cau 000 0 eng | ||
| 010 | _a 2010933582 | ||
| 020 | _a1401928226 | ||
| 020 | _a9781401928223 | ||
| 040 |
_aDLC _cDLC _dDLC |
||
| 042 | _apcc | ||
| 082 |
_222 _a158.1 _bVAN |
||
| 100 | 1 |
_aVanzant, Iyanla. _924373 |
|
| 245 | 0 | 0 |
_aPeace from Broken Pieces : _bHow to Get through What You're Going through / _cIyanla Vanzant. |
| 260 |
_aCarlsbad, Calif. : _bSmileyBooks, 2010 _cc2010. |
||
| 300 |
_axvi, 309 p. ; _c24 cm. |
||
| 505 | 0 | _aHere is also there -- The walking wounded -- From the pot into... a bigger pot -- Blind in one eye... can't see out of the other -- Territorial invasion -- The divine setup -- Ain't nobody's prisoner! -- The personal lie -- Pushed to the breaking point -- Me and Mickey Mouse -- Be skill and know -- The soul sisters -- Things fall apart -- Truth and consequences -- The upward downward spiral -- Unfinished business -- Life and death -- Beyond death -- Starting over -- Standing in grace. | |
| 520 | _aPart metaphorical teaching story, part wrenching personal chronicle, this phoenix-rising-from-the-ashes tale is about men and money, love and work, mothers and daughters, and life and death. Learn how to put your personal puzzle together, and dare to claim the peace that you truly deserve. | ||
| 650 | 0 |
_aConduct of life. _924374 |
|
| 650 | 0 |
_aLife change events. _924375 |
|
| 650 | 0 |
_aSpiritual life. _924376 |
|
| 650 | 0 |
_aPeace of mind. _924377 |
|
| 653 |
_bGeneral _cMay2011 |
||
| 856 | 4 | 2 |
_3Contributor biographical information _uhttp://www.loc.gov/catdir/enhancements/fy1105/2010933582-b.html |
| 856 | 4 | 2 |
_3Publisher description _uhttp://www.loc.gov/catdir/enhancements/fy1105/2010933582-d.html |
| 942 |
_2ddc _cBB |
||
| 999 |
_c15457 _d15457 |
||